NIE JE POLYSTYRÉN AKO POLYSTYRÉN...

Bibliographic Details
Main Author: Kurimský, Eugen (Author)
Format: Article
Language:Slovak

MARC

LEADER 00000nab a2200000 a 4500
001 vtls011120202
003 SK-MaSNL
005 20260303145458.0
008 230222|2011 xo |||||||||||||||||slo|
015 |a SNBRB 
035 |a (uuid)f0b929c8-4d20-42e1-a098-b96365bdc4c1 
035 |a (urnnbn)urn:nbn:sk:snk:ar-a08p9n 
035 |a urn:nbn:sk:snk-ab9qsc 
040 |a SNKBUCL  |b slo  |c SNKBUCL  |e AACR2 
041 0 |a slo 
044 |a xo  |c SK 
100 1 |a Kurimský, Eugen  |4 aut  |9 446899 
245 1 0 |a NIE JE POLYSTYRÉN AKO POLYSTYRÉN...  |c Eugen Kurimský 
773 0 |t Správca bytových domov : odborný časopis zaoberajúci sa správou bytových domov  |g Roč. 6, č. 2 (2011), s. 57-58 
954 |a odborná, vedecká literatúra pôvodná (slovenská)  |2 lita 
958 |a OND 
958 |a EUIPO 
958 |a article13 
999 |c 2003256  |d 2005186